000
00355nam a2200145Ia 4500
008
230718s9999 xx 000 0 und d
041
_a
Eng.
082
_a
345.54
_b
MAL-T
100
_a
Maliks S.K.
245
4
_a
The Code of Criminals Procedure, 1973
260
_a
Pakistan
_b
Delight law Publisher
_c
2010
300
_a
1763
650
_a
Law
999
_c
29863
_d
29863